000 00700nam a2200265Ia 4500
005 20260324153408.0
008 008 260324s9999 xx 000 0 eng d
020 _a9780323911528
037 _aEBOOK
040 _aCRL
040 _beng
040 _cCRL
041 _2eng
041 _aeng
084 _qCRL
100 _aCurtis Smith
_91231294
245 0 _aRisk-informed Methods and Applications in Nuclear and Energy Engineering: Modeling, Experimentation, and Validation
260 _bElsevier
260 _c2023
650 _aEnergy
856 _uhttps://www.sciencedirect.com/science/book/9780323911528
942 _cEBOOK
999 _c1842757
_d1842757